Východ spěje na Západ Lidské zdroje
Štúdia "Trendy vo vývoji ľudských zdrojov v strednej a východnej Európe". Závery štúdie vychádzajú z prieskumu 157 firiem 6 krajín SVE - ČR, SR, Rusko, Poľsko, Maďarsko, Rumunsko. Analýza premien trhu s manažérmi, modelu trhu práce v príslušnom regióne a úloha emigrantov v procese privatizácie. Nára...
Gespeichert in:
| Format: | Buchkapitel |
|---|---|
| Sprache: | Tschechisch |
| Schlagworte: | |
| Tags: |
Keine Tags, Fügen Sie das erste Tag hinzu!
|
MARC
| LEADER | 00000naa a2200000 4500 | ||
|---|---|---|---|
| 001 | r022302 | ||
| 005 | 20230920093224.8 | ||
| 041 | 0 | |a cze | |
| 044 | |a CZ | ||
| 245 | 1 | 0 | |a Východ spěje na Západ |b Lidské zdroje |
| 520 | |a Štúdia "Trendy vo vývoji ľudských zdrojov v strednej a východnej Európe". Závery štúdie vychádzajú z prieskumu 157 firiem 6 krajín SVE - ČR, SR, Rusko, Poľsko, Maďarsko, Rumunsko. Analýza premien trhu s manažérmi, modelu trhu práce v príslušnom regióne a úloha emigrantov v procese privatizácie. Nárast manažérskych platov v posledných dvoch rokoch, pracovná aktivita manažérov, preškolenie manažérov. Hľadanie a získavanie manažérov na trhu práce. | ||
| 610 | 2 | 0 | |a zdroje ľudské |
| 610 | 2 | 0 | |a manažéri |
| 610 | 2 | 0 | |a platy |
| 610 | 2 | 0 | |a aktivita pracovná |
| 610 | 2 | 0 | |a preškoľovanie |
| 610 | 2 | 0 | |a SVE |
| 610 | 2 | 0 | |a Česko |
| 610 | 2 | 0 | |a Slovensko |
| 610 | 2 | 0 | |a Rusko |
| 610 | 2 | 0 | |a Poľsko |
| 610 | 2 | 0 | |a Maďarsko |
| 610 | 2 | 0 | |a Rumunsko |